[Event "OLOB 1920 SV 1861 Liebschwitz - FB Mörl"]
[Site "?"]
[Date "2019.11.16"]
[Round "2.4"]
[White "Kitzig, Tobias"]
[Black "Felgendreher, Heiko"]
[Result "0-1"]
[WhiteElo "1474"]
[BlackElo "2181"]
[PlyCount "40"]
[EventDate "2019.??.??"]

1. d4 Nf6 2. Bf4 g6 3. e3 Bg7 4. Nf3 d6 5. h3 O-O 6. Be2 Nfd7 7. c4 Nc6 8. Nc3
e5 9. Bh2 f5 10. d5 Ne7 11. g4 h5 12. g5 Nc5 13. Na4 e4 14. Nd4 f4 15. Nxc5
dxc5 16. Ne6 Bxe6 17. dxe6 fxe3 18. Qc2 Nf5 19. fxe3 Qxg5 20. Qxe4 Bxb2 0-1

[Event "OLOB 1920 SV 1861 Liebschwitz - FB Mörl"]
[Site "?"]
[Date "2019.11.16"]
[Round "2.5"]
[White "Boehmer, Christian"]
[Black "Ahmed, Daniel"]
[Result "1-0"]
[WhiteElo "2139"]
[BlackElo "1923"]
[PlyCount "121"]
[EventDate "2019.??.??"]

1. Nf3 Nf6 2. d3 d5 3. Nbd2 Nbd7 4. e4 dxe4 5. dxe4 e6 6. Bc4 Bc5 7. Qe2 Ng4 8.
O-O Nge5 9. Bb3 a5 10. Nxe5 Nxe5 11. Qb5+ Nd7 12. Nf3 c6 13. Qe2 b5 14. c3 Ba6
15. Rd1 Qb6 16. Bg5 h6 17. Bh4 Ra7 18. e5 g5 19. Bg3 Be7 20. Nd2 h5 21. h3 h4
22. Bh2 Nc5 23. Bc2 b4 24. c4 Rd7 25. b3 Kd8 26. Qe3 Qc7 27. Nf3 Rg8 28. Rxd7+
Nxd7 29. Rd1 Kc8 30. Qe4 Rg7 31. Qg4 Kb7 32. Qh5 Qc8 33. Nd2 Nc5 34. Ne4 Nxe4
35. Bxe4 Ka7 36. Rd3 Bb7 37. Qf3 Ka6 38. Kh1 Qe8 39. Bg1 Rg8 40. Qd1 Qc8 41.
Qf3 Rf8 42. Qd1 Rd8 43. c5 Ka7 44. f3 Rxd3 45. Qxd3 Qd8 46. Qxd8 Bxd8 47. Bd4
Kb8 48. Bh7 Ba6 49. Kg1 Kc7 50. Kf2 Kd7 51. Be4 Bb5 52. f4 gxf4 53. Kf3 Bc7 54.
Kg4 f5+ 55. exf6 e5 56. Bf2 Ke6 57. Bxh4 Kf7 58. Kh5 Be2+ 59. Kh6 Bd8 60. Bg6+
Kf8 61. Kh7 1-0

[Event "OLOB 1920 SV 1861 Liebschwitz - FB Mörl"]
[Site "?"]
[Date "2019.11.16"]
[Round "2.6"]
[White "Zeidler, Andreas"]
[Black "Schaefer, Michael"]
[Result "1/2-1/2"]
[WhiteElo "2167"]
[BlackElo "2118"]
[PlyCount "57"]
[EventDate "2019.??.??"]

1. d4 Nf6 2. c4 c5 3. Nf3 cxd4 4. Nxd4 Nc6 5. Nc3 g6 6. e4 d6 7. Be2 Nxd4 8.
Qxd4 Bg7 9. Be3 O-O 10. Qd2 a5 11. O-O Be6 12. Rac1 a4 13. f3 Nd7 14. Bd4 Bxd4+
15. Qxd4 Qb6 16. Qxb6 Nxb6 17. Nd5 Bxd5 18. cxd5 Rfc8 19. Bb5 a3 20. b4 e6 21.
dxe6 fxe6 22. Rfd1 Kf7 23. Rxc8 Nxc8 24. Rc1 Ne7 25. Bd7 Kf6 26. Rc7 Rb8 27.
Kf2 Nc6 28. Bxc6 bxc6 29. Rxc6 1/2-1/2

[Event "OLOB 1920 SV 1861 Liebschwitz - FB Mörl"]
[Site "?"]
[Date "2019.11.16"]
[Round "2.7"]
[White "Wohlfart, Paulus"]
[Black "Kastner, Peter"]
[Result "1/2-1/2"]
[WhiteElo "2096"]
[BlackElo "2141"]
[PlyCount "46"]
[EventDate "2019.??.??"]

1. d4 Nf6 2. c4 g6 3. Nc3 Bg7 4. e4 d6 5. Bd3 e5 6. d5 a5 7. Nge2 O-O 8. O-O
Nbd7 9. Rb1 Nc5 10. Bc2 Bd7 11. b3 Nh5 12. a3 f5 13. exf5 gxf5 14. b4 axb4 15.
axb4 Na6 16. f4 exf4 17. Rb3 b6 18. Nxf4 Nxf4 19. Bxf4 Nxb4 20. Bb1 Na6 21. Nb5
Qf6 22. Be3 Qe7 23. Bd4 Bxd4+ 1/2-1/2

[Event "OLOB 1920 SV 1861 Liebschwitz - FB Mörl"]
[Site "?"]
[Date "2019.11.16"]
[Round "2.8"]
[White "Birke, Andreas"]
[Black "Schoebel-Kroehn, Lucas"]
[Result "1-0"]
[WhiteElo "2206"]
[BlackElo "1969"]
[PlyCount "163"]
[EventDate "2019.??.??"]

1. Nf3 Nf6 2. b3 d5 3. Bb2 c5 4. e3 Nc6 5. Bb5 Bg4 6. h3 Bd7 7. O-O g6 8. Bxf6
exf6 9. d4 a6 10. Be2 Be6 11. c3 Bd6 12. dxc5 Bxc5 13. Nbd2 O-O 14. b4 Bd6 15.
Nb3 Rc8 16. Rc1 Ne5 17. Nbd4 Bd7 18. Ne1 Bb8 19. Nd3 Qc7 20. Nf4 Qd6 21. Re1 g5
22. Nh5 f5 23. g3 Ng6 24. Nf3 h6 25. Qxd5 Qxd5 26. Nf6+ Kg7 27. Nxd5 Be6 28. c4
Rfd8 29. Nb6 Rc6 30. c5 Bxa2 31. Nd4 Rf6 32. Red1 Bc7 33. Nc4 f4 34. exf4 gxf4
35. g4 f3 36. Bf1 Nf4 37. Nd6 Bxd6 38. cxd6 Kg6 39. Nf5 Be6 40. Nh4+ Kg7 41.
Rc7 Ne2+ 42. Bxe2 fxe2 43. Re1 Rxd6 44. Rxe2 b5 45. Ra7 Rf4 46. Rb2 h5 47. f3
hxg4 48. hxg4 Rdd4 49. Rxa6 Rxb4 50. Rd2 Ra4 51. Rb6 b4 52. Kg2 b3 53. Rd8 Rfb4
54. Rdb8 Ra2+ 55. Kg3 Rxb6 56. Rxb6 Rd2 57. Nf5+ Kf6 58. Kf4 Rb2 59. g5+ Kg6
60. Nd4 Rb1 61. Nxe6 fxe6 62. Rxe6+ Kf7 63. Rb6 b2 64. Kf5 Rf1 65. Rb7+ Kf8 66.
Rxb2 Rxf3+ 67. Kg6 Rg3 68. Rb8+ Ke7 69. Rh8 Rg1 70. Rh5 Kf8 71. Rh8+ Ke7 72.
Rg8 Rg2 73. Kh7 Kf7 74. g6+ Ke7 75. Kg7 Rf2 76. Ra8 Rf1 77. Ra2 Rf3 78. Re2+
Kd8 79. Re6 Rh3 80. Kf7 Rf3+ 81. Rf6 Ra3 82. g7 1-0

[Event "OLOB 1920 Bad Emstal/Wolfhagen - SV Obe"]
[Site "?"]
[Date "2019.11.17"]
[Round "3.1"]
[White "Margolin, Boris"]
[Black "Sivuk, Vitaly"]
[Result "0-1"]
[WhiteElo "2401"]
[BlackElo "2582"]
[PlyCount "98"]
[EventDate "2019.??.??"]

1. e4 c5 2. Nc3 d6 3. g3 g6 4. Bg2 Bg7 5. d3 Nc6 6. Be3 Rb8 7. Qd2 b5 8. Nge2
b4 9. Nd1 e5 10. O-O Nge7 11. f4 Nd4 12. c3 bxc3 13. bxc3 Nxe2+ 14. Qxe2 exf4
15. Bxf4 O-O 16. Rc1 Nc6 17. Nf2 Rb6 18. Qd2 Be6 19. Rc2 Re8 20. Nh3 d5 21. Ng5
d4 22. c4 Nb4 23. Rb2 Ra6 24. Nxe6 Rexe6 25. Rf3 Ra3 26. Bg5 f6 27. Bh6 Bxh6
28. Qxh6 Rxd3 29. h4 Qf8 30. Qf4 Qd6 31. Qg4 Kg7 32. h5 Rxf3 33. Bxf3 Nd3 34.
Rh2 Ne5 35. Qf4 Nf7 36. h6+ Kf8 37. Rb2 Qxf4 38. gxf4 Rb6 39. Rb5 Rxb5 40. cxb5
c4 41. Kf2 Nd6 42. a4 c3 43. Ke2 Nc4 44. Kd3 Nb2+ 45. Kc2 Nxa4 46. e5 fxe5 47.
fxe5 Nc5 48. Bg4 Ke7 49. Bh3 Nd7 0-1

[Event "OLOB 1920 Bad Emstal/Wolfhagen - SV Obe"]
[Site "?"]
[Date "2019.11.17"]
[Round "3.2"]
[White "Matviishen, Viktor"]
[Black "Heinz, Axel"]
[Result "1/2-1/2"]
[WhiteElo "2490"]
[BlackElo "2446"]
[PlyCount "41"]
[EventDate "2019.??.??"]

1. d4 Nf6 2. c4 e6 3. Nf3 d5 4. Nc3 dxc4 5. e3 a6 6. a4 c5 7. Bxc4 Nc6 8. O-O
Be7 9. Qe2 cxd4 10. exd4 Nxd4 11. Nxd4 Qxd4 12. Rd1 Qc5 13. Be3 Qe5 14. Qf3 O-O
15. Rac1 Rd8 16. Rxd8+ Bxd8 17. Rd1 Be7 18. Bb6 Rb8 19. Ba7 Ra8 20. Bb6 Rb8 21.
Ba7 1/2-1/2

[Event "OLOB 1920 Bad Emstal/Wolfhagen - SV Obe"]
[Site "?"]
[Date "2019.11.17"]
[Round "3.3"]
[White "Dubiel, Jacek"]
[Black "Frolov, Artur"]
[Result "1/2-1/2"]
[WhiteElo "2418"]
[BlackElo "2425"]
[PlyCount "142"]
[EventDate "2019.??.??"]

1. e4 c5 2. Nc3 Nc6 3. Nge2 Nf6 4. d4 cxd4 5. Nxd4 d6 6. Bg5 e6 7. Qd2 a6 8.
O-O-O Bd7 9. f4 Be7 10. Nf3 b5 11. Bxf6 gxf6 12. Kb1 Qa5 13. f5 h5 14. g3 Rc8
15. Bh3 Ne5 16. Nxe5 fxe5 17. Rhf1 b4 18. Ne2 h4 19. fxe6 fxe6 20. Bg4 Qc5 21.
Nc1 hxg3 22. hxg3 a5 23. Nd3 Qc6 24. Qe2 Qc4 25. Rh1 Rg8 26. Rh7 a4 27. Qf2 Rf8
28. Bh5+ Kd8 29. Qb6+ Qc7 30. Qxc7+ Rxc7 31. b3 Bc6 32. Bg6 Bf6 33. Nxb4 Rxh7
34. Nxc6+ Kc7 35. Bxh7 Kxc6 36. Rf1 a3 37. c3 Rh8 38. Rxf6 Rxh7 39. Rf2 Rg7 40.
Rg2 Rg4 41. Kc2 Rxe4 42. g4 Rf4 43. g5 Rf7 44. Kd3 d5 45. g6 Rg7 46. Ke3 Kd6
47. Rg4 Ke7 48. Kd3 Kf8 49. Rg5 e4+ 50. Kd4 Re7 51. Rg3 Kg7 52. c4 dxc4 53.
bxc4 Rd7+ 54. Kxe4 Rd2 55. Rxa3 Kxg6 56. Ke5 Rc2 57. Kxe6 Rxc4 58. Rg3+ Kh5 59.
Kd5 Ra4 60. Rg2 Ra8 61. Kc6 Kh4 62. Kb7 Ra3 63. Kb6 Ra8 64. Rc2 Kg3 65. Rc3+
Kf2 66. a3 Ke2 67. Rc2+ Kd3 68. Ra2 Kc4 69. a4 Kb3 70. Ra1 Rxa4 71. Rxa4 Kxa4
1/2-1/2

[Event "OLOB 1920 Bad Emstal/Wolfhagen - SV Obe"]
[Site "?"]
[Date "2019.11.17"]
[Round "3.4"]
[White "Shkuran, Danylo"]
[Black "Akbarinia, Sayed Arash"]
[Result "0-1"]
[WhiteElo "2345"]
[BlackElo "2361"]
[PlyCount "66"]
[EventDate "2019.??.??"]

1. e4 c6 2. Nc3 d5 3. Nf3 dxe4 4. Nxe4 Bf5 5. Ng3 Bg4 6. Be2 e6 7. d4 Nd7 8.
O-O Bd6 9. Ne5 Bxe2 10. Qxe2 Ne7 11. Bf4 Nf6 12. Bg5 Qc7 13. Bxf6 gxf6 14. Ng4
Ng8 15. Nh5 O-O-O 16. Rad1 Kb8 17. f4 Qa5 18. Ngxf6 Nxf6 19. Nxf6 Qxa2 20. c3
h5 21. f5 h4 22. fxe6 fxe6 23. Ne4 Bc7 24. Kh1 Qd5 25. c4 Qd7 26. Qe3 Bb6 27.
Qf4+ Ka8 28. c5 Bc7 29. Qf3 Qd5 30. h3 a6 31. Qe2 Rhf8 32. Qg4 Qxd4 33. Qxh4
Qxd1 0-1

[Event "OLOB 1920 Bad Emstal/Wolfhagen - SV Obe"]
[Site "?"]
[Date "2019.11.17"]
[Round "3.5"]
[White "Stork, Oliver"]
[Black "Skliarov, Viktor"]
[Result "0-1"]
[WhiteElo "2287"]
[BlackElo "2373"]
[PlyCount "88"]
[EventDate "2019.??.??"]

1. c4 e5 2. Nc3 Bb4 3. Nd5 Be7 4. d4 d6 5. e4 c6 6. Nxe7 Qxe7 7. Be3 Nf6 8. f3
d5 9. cxd5 cxd5 10. dxe5 Qxe5 11. Qd4 Qxd4 12. Bxd4 dxe4 13. Bxf6 gxf6 14. fxe4
Nc6 15. Bb5 Rg8 16. Bxc6+ bxc6 17. Kf2 Rg4 18. Nf3 Rxe4 19. Rhe1 Rxe1 20. Rxe1+
Be6 21. b3 a5 22. Re4 Kd7 23. Rh4 Bd5 24. g3 a4 25. Rxa4 Rxa4 26. bxa4 Bxa2 27.
Ke3 c5 28. Nd2 f5 29. Kf4 c4 30. Kxf5 c3 31. Nf3 c2 32. Ne5+ Kd6 33. Nd3 Bc4
34. Nc1 Kd5 35. Kf4 Kd4 36. g4 Kc3 37. Ke3 Kb2 38. Kd2 Kb1 39. g5 Kb2 40. a5
Kb1 41. h3 Kb2 42. h4 Kb1 43. h5 Kb2 44. g6 fxg6 0-1

[Event "OLOB 1920 Bad Emstal/Wolfhagen - SV Obe"]
[Site "?"]
[Date "2019.11.17"]
[Round "3.6"]
[White "Shankovskyi, Andrii"]
[Black "Schlamp, Robert"]
[Result "1-0"]
[WhiteElo "2400"]
[BlackElo "2295"]
[PlyCount "89"]
[EventDate "2019.??.??"]

1. e4 e6 2. d4 d5 3. Nc3 dxe4 4. Nxe4 Nd7 5. Nf3 Ngf6 6. Bd3 Nxe4 7. Bxe4 Nf6
8. Bd3 Be7 9. O-O O-O 10. Ne5 c5 11. dxc5 Qc7 12. Re1 Qxc5 13. Qf3 Rd8 14. Bg5
h6 15. Bd2 Rd5 16. Bc3 Qc7 17. h4 a5 18. a3 Rb8 19. Nc4 Ra8 20. Bxf6 gxf6 21.
Qg4+ Kf8 22. Bh7 Bc5 23. Rad1 Rxd1 24. Rxd1 Ke7 25. Qg8 e5 26. Bg6 Be6 27. Qxa8
fxg6 28. Ne3 Qb6 29. Kh1 Bxe3 30. fxe3 f5 31. Rd3 Qxb2 32. Qxa5 Qxc2 33. Qc3
Qf2 34. Qb4+ Kf7 35. Rd1 f4 36. exf4 exf4 37. Qxb7+ Kf6 38. Qf3 Qxh4+ 39. Kg1
g5 40. a4 Kg6 41. Qe4+ Kf7 42. a5 Qg4 43. Re1 Bf5 44. Qf3 Qh4 45. Qf2 1-0

[Event "OLOB 1920 Bad Emstal/Wolfhagen - SV Obe"]
[Site "?"]
[Date "2019.11.17"]
[Round "3.8"]
[White "Schmidt, Alexander"]
[Black "Weber, Samuel"]
[Result "1-0"]
[WhiteElo "2137"]
[BlackElo "2291"]
[PlyCount "169"]
[EventDate "2019.??.??"]

1. e4 c5 2. Nf3 Nc6 3. d4 cxd4 4. Nxd4 Nf6 5. Nc3 e5 6. Nde2 h6 7. g3 Bc5 8.
Bg2 d6 9. h3 Be6 10. O-O Qd7 11. Kh2 g5 12. Nd5 Bxd5 13. exd5 Ne7 14. c3 a5 15.
c4 Nf5 16. Nc3 Rc8 17. Qd3 O-O 18. Bd2 Nd4 19. f4 exf4 20. gxf4 g4 21. f5 Rfe8
22. Rf4 h5 23. Rxd4 Bxd4 24. Qxd4 Re5 25. Ne4 Nxe4 26. Bxe4 Qe7 27. Bg2 Qh4 28.
Kh1 Rce8 29. Bc3 f6 30. Rf1 Re2 31. Qxf6 Qxf6 32. Bxf6 Rc2 33. hxg4 Ree2 34.
Bf3 Rh2+ 35. Kg1 hxg4 36. Be4 Rce2 37. Rf4 Kf7 38. Bc3 g3 39. Rg4 Rxb2 40. Bxb2
Rxb2 41. Rxg3 Rxa2 42. Rb3 Re2 43. Rxb7+ Kf6 44. Bd3 Re3 45. Rb3 a4 46. Kf2 Rh3
47. Ra3 Ke5 48. Ke2 Rh2+ 49. Ke3 Rh3+ 50. Kd2 Kd4 51. f6 Rf3 52. f7 Rxf7 53.
Rxa4 Rf2+ 54. Be2 Rh2 55. Ra6 Rh6 56. Ra8 Rh3 57. Re8 Ra3 58. Re6 Ra6 59. Ke1
Kc5 60. Kf2 Ra3 61. Re3 Ra8 62. Re4 Ra3 63. Bf3 Ra2+ 64. Kg3 Ra8 65. Bg4 Ra3+
66. Kf4 Ra8 67. Bf5 Rg8 68. Be6 Rg1 69. Kf5 Rf1+ 70. Kg6 Rf2 71. Bf5 Ra2 72.
Bd7 Rf2 73. Bb5 Rf1 74. Kg5 Rg1+ 75. Kf6 Rf1+ 76. Ke7 Rh1 77. Kd7 Rh7+ 78. Re7
Rh8 79. Kc7 Rh6 80. Kb7 Rf6 81. Rc7+ Kd4 82. Kc6 Rh6 83. Re7 Rf6 84. Re6 Rxe6
85. dxe6 1-0

[Event "OLOB 1920 SK Marburg 1931/1972 - SF Sch"]
[Site "?"]
[Date "2019.11.17"]
[Round "3.1"]
[White "Konopka, Michal"]
[Black "Rolle, Eric"]
[Result "1-0"]
[WhiteElo "2345"]
[BlackElo "2206"]
[PlyCount "75"]
[EventDate "2019.??.??"]

1. Nf3 Nf6 2. c4 e6 3. g3 d5 4. d4 Be7 5. Bg2 O-O 6. O-O dxc4 7. Qa4 Bd7 8.
Qxc4 Bc6 9. Nc3 a6 10. Qd3 b5 11. a3 Nbd7 12. Bg5 Ra7 13. e4 h6 14. Bxf6 Bxf6
15. Rad1 Qb8 16. e5 Bxf3 17. Qxf3 Be7 18. Qc6 Rd8 19. Rfe1 b4 20. axb4 Qxb4 21.
d5 Nb8 22. Qa4 Qxa4 23. Nxa4 exd5 24. Bxd5 Kf8 25. f4 Bb4 26. Bc4 Nc6 27. Rxd8+
Nxd8 28. Rd1 Ke7 29. Kg2 Ne6 30. Kf3 Nc5 31. Nxc5 Bxc5 32. Ke4 Rb7 33. Kd5 Be3
34. Kc6 Rxb2 35. Rd7+ Ke8 36. Bxf7+ Kf8 37. e6 Rxh2 38. Bg6 1-0

[Event "OLOB 1920 SK Marburg 1931/1972 - SF Sch"]
[Site "?"]
[Date "2019.11.17"]
[Round "3.2"]
[White "Alber, Horst"]
[Black "Heinatz, Thomas"]
[Result "1-0"]
[WhiteElo "2267"]
[BlackElo "2310"]
[PlyCount "71"]
[EventDate "2019.??.??"]

1. d4 Nf6 2. c4 g6 3. Nc3 Bg7 4. e4 d6 5. Nf3 O-O 6. Be2 Nbd7 7. O-O e5 8. d5
Nc5 9. Nd2 a5 10. Rb1 Bd7 11. b3 Bh6 12. Qc2 c6 13. a3 cxd5 14. cxd5 Qb8 15.
Nc4 Bxc1 16. Rfxc1 b5 17. Nxa5 Ncxe4 18. Nc6 Bxc6 19. Nxe4 Nxe4 20. dxc6 Nc5
21. c7 Qb7 22. Qd1 Qb6 23. Qd5 Rac8 24. b4 Ne6 25. Qxb5 Qxb5 26. Bxb5 Rxc7 27.
Rxc7 Nxc7 28. Bc6 Kg7 29. b5 Kf6 30. a4 Ke6 31. a5 Rb8 32. Ra1 Nxb5 33. Rb1 Na7
34. Rxb8 Nxc6 35. a6 Kd7 36. a7 1-0

[Event "OLOB 1920 SK Marburg 1931/1972 - SF Sch"]
[Site "?"]
[Date "2019.11.17"]
[Round "3.3"]
[White "Nazarenus, Moritz"]
[Black "Henrich, Thomas"]
[Result "1-0"]
[WhiteElo "2222"]
[BlackElo "2163"]
[PlyCount "85"]
[EventDate "2019.??.??"]

1. d4 Nf6 2. c4 g6 3. Nc3 d5 4. cxd5 Nxd5 5. e4 Nxc3 6. bxc3 Bg7 7. Nf3 c5 8.
Be3 Qa5 9. Qd2 Nc6 10. Rb1 a6 11. Rc1 Bg4 12. d5 Rd8 13. Be2 Bxf3 14. Bxf3 c4
15. O-O e6 16. Qb2 exd5 17. exd5 Ne5 18. Bb6 Nxf3+ 19. gxf3 Qxd5 20. Rfe1+ Kf8
21. Bxd8 Qxd8 22. Qb4+ Kg8 23. Qxc4 h5 24. Rcd1 Qg5+ 25. Kh1 Qf5 26. Re8+ Kh7
27. Rxh8+ Bxh8 28. Qe4 Qb5 29. c4 Qb2 30. Kg2 Qf6 31. Qxb7 Qg5+ 32. Kh1 Qf4 33.
Qe4 Qc7 34. Rd5 Kh6 35. c5 Bf6 36. c6 Kg7 37. Rd7 Qb6 38. Kg2 Qc5 39. Qd5 Qc3
40. Rxf7+ Kh6 41. Rxf6 Qxf6 42. c7 Qc3 43. Qd8 1-0

[Event "OLOB 1920 SK Marburg 1931/1972 - SF Sch"]
[Site "?"]
[Date "2019.11.17"]
[Round "3.4"]
[White "Duncker, Joachim"]
[Black "Schaack, Harry"]
[Result "1-0"]
[WhiteElo "2193"]
[BlackElo "2206"]
[PlyCount "111"]
[EventDate "2019.??.??"]

1. e4 c6 2. d4 d5 3. Nc3 dxe4 4. Nxe4 Bf5 5. Ng3 Bg6 6. Nf3 Nd7 7. Bd3 Ngf6 8.
O-O e6 9. Re1 Be7 10. c4 O-O 11. Bxg6 hxg6 12. Bd2 c5 13. Bc3 Rc8 14. Qe2 Re8
15. Rad1 Qc7 16. b3 a6 17. Bb2 Bf8 18. Ne4 Nxe4 19. Qxe4 Be7 20. dxc5 Nxc5 21.
Qe2 Rcd8 22. g3 Rxd1 23. Rxd1 Rd8 24. Rd2 Rxd2 25. Qxd2 Qd6 26. Qxd6 Bxd6 27.
Ba3 Ne4 28. Bxd6 Nxd6 29. Nd2 Kf8 30. f3 Ke7 31. Kf2 Kd7 32. Ke3 Kc6 33. Ne4
Nf5+ 34. Kd3 f6 35. b4 e5 36. a4 Nd4 37. f4 Nf3 38. fxe5 Nxe5+ 39. Kc3 Nf3 40.
b5+ axb5 41. axb5+ Kc7 42. h4 g5 43. hxg5 f5 44. Nf6 Nxg5 45. Ne8+ Kd7 46. Nxg7
Ne4+ 47. Kd4 Nxg3 48. Ke5 f4 49. Kxf4 Kd6 50. Ke3 Kc5 51. Kd3 Ne4 52. Ne6+ Kb4
53. Kxe4 Kxc4 54. Nd4 b6 55. Ke5 Kc5 56. Ke6 1-0

[Event "OLOB 1920 SK Marburg 1931/1972 - SF Sch"]
[Site "?"]
[Date "2019.11.17"]
[Round "3.6"]
[White "Nekhamkis, Genadi"]
[Black "Kirchner, Markus"]
[Result "0-1"]
[WhiteElo "2128"]
[BlackElo "2038"]
[PlyCount "126"]
[EventDate "2019.??.??"]

1. e4 e6 2. d4 d5 3. e5 c5 4. c3 Nc6 5. Nf3 Qb6 6. a3 c4 7. Nbd2 Na5 8. h4 Bd7
9. g3 Ne7 10. Bh3 Qc7 11. O-O Nc8 12. Rb1 Nb6 13. Ne1 O-O-O 14. Ndf3 h6 15. Qe2
Na4 16. Qc2 Qb6 17. Be3 Qb3 18. Nd2 Qxc2 19. Nxc2 Kb8 20. Bg4 Nb6 21. Rfc1 Ba4
22. Bd1 Nb3 23. Nxb3 Bxb3 24. Na1 Ba2 25. Nc2 Bxb1 26. Rxb1 Be7 27. f4 g5 28.
fxg5 hxg5 29. h5 g4 30. Bxg4 Rdg8 31. Bf3 Rxg3+ 32. Kf2 Rgg8 33. Rh1 Kc7 34.
Bc1 Nd7 35. Bf4 Nf8 36. Ke3 Kd7 37. Ne1 Nh7 38. Be2 Ng5 39. Rh2 b5 40. Nf3 Nxf3
41. Bxf3 Bg5 42. Bg4 Ke7 43. Kf3 Bxf4 44. Kxf4 Rh6 45. Re2 Kd7 46. Rh2 f6 47.
exf6 Rxf6+ 48. Kg3 Kd6 49. Re2 a6 50. Kh4 Ke7 51. Re5 Rf4 52. Rg5 Rxg5 53. Kxg5
Rf2 54. h6 Kf7 55. h7 Rh2 56. Bh5+ Kg7 57. h8=Q+ Kxh8 58. Bf7 Rxb2 59. Bxe6 Rb3
60. a4 Rxc3 61. axb5 axb5 62. Bxd5 Rd3 63. Bc6 Rxd4 0-1

[Event "OLOB 1920 SK Marburg 1931/1972 - SF Sch"]
[Site "?"]
[Date "2019.11.17"]
[Round "3.7"]
[White "Stockmann, Michael"]
[Black "Yaghy, Ritta"]
[Result "1-0"]
[WhiteElo "2234"]
[BlackElo "1968"]
[PlyCount "87"]
[EventDate "2019.??.??"]

1. d4 d5 2. Nf3 e6 3. g3 Nf6 4. Bg2 c5 5. c4 Nc6 6. cxd5 exd5 7. O-O c4 8. b3
cxb3 9. Qxb3 Be7 10. Nc3 O-O 11. Bg5 Na5 12. Qb1 Be6 13. Rc1 Rc8 14. Qd3 h6 15.
Bxf6 Bxf6 16. e3 Nc4 17. Nd2 Qd7 18. Nxd5 Bxd5 19. Nxc4 Bxg2 20. Kxg2 Qd5+ 21.
Kg1 Rfd8 22. Rc2 Be7 23. Rac1 Rc6 24. Nd2 Rxc2 25. Rxc2 Bb4 26. Nb3 Re8 27. Qc4
Qf5 28. d5 a5 29. Nd4 Qh5 30. Kg2 Kh7 31. Qd3+ Kg8 32. e4 Qe5 33. f3 h5 34. a3
Bd6 35. Nb5 Bb8 36. f4 Qe7 37. d6 Qd7 38. h3 Rd8 39. a4 Qe6 40. e5 g6 41. Qc4
Qf5 42. Nd4 Qe4+ 43. Nf3 Qf5 44. Nh4 1-0

[Event "OLOB 1920 SK Marburg 1931/1972 - SF Sch"]
[Site "?"]
[Date "2019.11.17"]
[Round "3.8"]
[White "Heiling, Thomas"]
[Black "Del Rio, Roland"]
[Result "0-1"]
[WhiteElo "2206"]
[BlackElo "2214"]
[PlyCount "66"]
[EventDate "2019.??.??"]

1. d4 Nf6 2. c4 g6 3. Nc3 Bg7 4. e4 d6 5. Nf3 O-O 6. Be2 e5 7. d5 a5 8. Bg5 h6
9. Bh4 Na6 10. O-O Qe8 11. Nd2 Nh7 12. a3 Bd7 13. b3 h5 14. f3 Bh6 15. Kh1 Be3
16. Rb1 f5 17. b4 axb4 18. axb4 g5 19. Bf2 Bxf2 20. Rxf2 f4 21. g4 fxg3 22.
hxg3 Nf6 23. Kg2 Qg6 24. c5 g4 25. f4 exf4 26. Rxf4 h4 27. c6 bxc6 28. dxc6
Bxc6 29. b5 Nxe4 30. Rxg4 Qxg4 31. Bxg4 Nxc3+ 32. bxc6 Nxd1 33. Rxd1 hxg3 0-1

[Event "OLOB 1920 SG BW Stadtilm - Wiesbadener"]
[Site "?"]
[Date "2019.11.17"]
[Round "3.2"]
[White "Siebarth, Raiko"]
[Black "Geske, Julian"]
[Result "1-0"]
[WhiteElo "2291"]
[BlackElo "2385"]
[PlyCount "131"]
[EventDate "2019.??.??"]

1. e4 Nc6 2. d4 d5 3. Nc3 dxe4 4. d5 Ne5 5. Nxe4 e6 6. Bb5+ Bd7 7. Qe2 c6 8.
dxc6 bxc6 9. Ba4 Qa5+ 10. Nc3 Nf6 11. Bd2 Ng6 12. Nf3 Be7 13. O-O O-O 14. Rad1
Rfd8 15. Bb3 Qc7 16. Ng5 c5 17. f4 Rf8 18. Bc4 h6 19. Nge4 Nh4 20. g4 Kh8 21.
Be1 Nxe4 22. Nxe4 f5 23. Bxh4 Bxh4 24. Ng3 fxg4 25. Qxg4 Bf6 26. c3 Rae8 27.
Qg6 Rd8 28. Bd3 Kg8 29. Rfe1 Rb8 30. Qh7+ Kf7 31. Bg6+ Ke7 32. Nf5+ Kd8 33.
Nxg7 Bxg7 34. Qxg7 Rxf4 35. Be4 Rxb2 36. Qh8+ Ke7 37. Qxh6 Bc6 38. Qg5+ Rf6 39.
Qxc5+ Kf7 40. Qh5+ Ke7 41. Qh7+ Rf7 42. Qh4+ Rf6 43. Rf1 Qxh2+ 44. Qxh2 Rxf1+
45. Rxf1 Rxh2 46. Kxh2 Bxe4 47. Rf4 Bc6 48. Rd4 e5 49. Rd2 Ke6 50. Kg3 Bd5 51.
Kf2 Bc4 52. Ke3 Bd5 53. a4 Bb3 54. a5 Bc4 55. Rd8 a6 56. Ke4 Bb5 57. Rh8 Bc6+
58. Kd3 Kd5 59. c4+ Kc5 60. Rh5 Kd6 61. Rh6+ Kc5 62. Re6 e4+ 63. Kc3 Bb7 64.
Re5+ Kd6 65. Kd4 Bc6 66. Rh5 1-0

[Event "OLOB 1920 SG BW Stadtilm - Wiesbadener"]
[Site "?"]
[Date "2019.11.17"]
[Round "3.3"]
[White "Dubkov, Andrej"]
[Black "George, Tom"]
[Result "1-0"]
[WhiteElo "2335"]
[BlackElo "2163"]
[PlyCount "67"]
[EventDate "2019.??.??"]

1. d4 Nf6 2. c4 e6 3. Nf3 d5 4. Nc3 a6 5. cxd5 exd5 6. Bg5 Be7 7. e3 h6 8. Bf4
Bf5 9. Qb3 b6 10. Ne5 O-O 11. g4 Nxg4 12. Rg1 Nxe5 13. Bxe5 Bf6 14. Qxd5 Qxd5
15. Nxd5 Bxe5 16. Ne7+ Kh7 17. Nxf5 Bf6 18. Bg2 Ra7 19. Rc1 c5 20. dxc5 bxc5
21. Rc2 Nd7 22. Ke2 a5 23. Nd6 Be5 24. Nb5 Ra6 25. Rd1 Nb8 26. f4 Bf6 27. Nc7
Rb6 28. Nd5 Rb5 29. Be4+ Kh8 30. Nxf6 gxf6 31. Rd5 Re8 32. Kf3 Na6 33. Rh5 Reb8
34. Rg2 1-0

[Event "OLOB 1920 SG BW Stadtilm - Wiesbadener"]
[Site "?"]
[Date "2019.11.17"]
[Round "3.5"]
[White "Kayser, Felix"]
[Black "Siebarth, Marco"]
[Result "1-0"]
[WhiteElo "2099"]
[BlackElo "2012"]
[PlyCount "149"]
[EventDate "2019.??.??"]

1. e4 c5 2. Nc3 e6 3. Nf3 Nc6 4. g3 a6 5. Bg2 d6 6. d3 Nf6 7. h3 Be7 8. O-O O-O
9. Bf4 d5 10. Re1 d4 11. Nb1 b5 12. a4 Bb7 13. g4 Nd7 14. Nbd2 Nb6 15. axb5
axb5 16. Qe2 Na4 17. Rab1 Nb4 18. Rec1 c4 19. Nf1 Nc5 20. Ne1 cxd3 21. cxd3 Ra2
22. Qd1 Qa8 23. Bg5 f6 24. Bd2 Nbxd3 25. Nxd3 Nxd3 26. Rc7 Rf7 27. Rxb7 Qxb7
28. Qb3 Rxb2 29. Rxb2 Nxb2 30. e5 Qa6 31. Qxb2 fxe5 32. Ng3 Qa4 33. Bf1 Qd1 34.
Ne4 Bh4 35. Bb4 h5 36. Qe2 Qb1 37. Bd6 Rf4 38. f3 hxg4 39. hxg4 d3 40. Qe3 Qe1
41. Qxd3 Qa1 42. Kg2 Qb2+ 43. Be2 Rf7 44. Kh3 Qa1 45. Bd1 Qb2 46. Ba3 Qa2 47.
g5 Qd5 48. Qc2 Be1 49. Qc8+ Kh7 50. g6+ Kxg6 51. Qc2 Rf5 52. Nd6 Qd4 53. Nxf5
exf5 54. Bb2 Qf4 55. Kg2 Bh4 56. Kh1 Bg5 57. Qc6+ Kh5 58. Qe8+ Kh6 59. Bxe5
Qh4+ 60. Kg2 Bf6 61. Bg3 Qd4 62. Be2 f4 63. Bf2 Qe5 64. Qxb5 Qxb5 65. Bxb5 Bc3
66. Kh3 Kh5 67. Be8+ g6 68. Bd7 Bb2 69. Bh4 Bc3 70. Bd8 Be5 71. Kg2 Bd4 72. Kf1
Bc5 73. Ke2 g5 74. Bf5 Kh4 75. Bg4 1-0

[Event "OLOB 1920 SG BW Stadtilm - Wiesbadener"]
[Site "?"]
[Date "2019.11.17"]
[Round "3.7"]
[White "Ochs, Daniel Elias"]
[Black "Neubauer, Andreas"]
[Result "0-1"]
[WhiteElo "2055"]
[BlackElo "2161"]
[PlyCount "78"]
[EventDate "2019.??.??"]

1. d4 Nf6 2. Nf3 g6 3. g3 Bg7 4. Bg2 O-O 5. O-O d6 6. c4 c6 7. Nc3 a6 8. a4 a5
9. h3 Na6 10. e4 Nb4 11. Be3 Rb8 12. Re1 Nd7 13. Qd2 e5 14. Rad1 Re8 15. dxe5
dxe5 16. Bc5 Na6 17. Bd6 Ra8 18. Qe3 Qb6 19. Qxb6 Nxb6 20. b3 f6 21. Ba3 Be6
22. Kh2 Nd7 23. Bf1 Ndc5 24. Rb1 Rad8 25. Kg2 Rd7 26. Bc1 Red8 27. Be3 Bf8 28.
Nh2 Nb4 29. Ng4 Bxg4 30. hxg4 Nc2 31. Re2 Nxe3+ 32. Rxe3 Bh6 33. Re2 Rd3 34.
Rc2 Rd2 35. Rxd2 Rxd2 36. b4 axb4 37. Rxb4 Be3 38. Ne2 Bh6 39. f3 Ra2 0-1

[Event "OLOB 1920 SG BW Stadtilm - Wiesbadener"]
[Site "?"]
[Date "2019.11.17"]
[Round "3.8"]
[White "Dittrich, Tom"]
[Black "Bakiev, Diyor"]
[Result "0-1"]
[WhiteElo "1942"]
[BlackElo "2084"]
[PlyCount "64"]
[EventDate "2019.??.??"]

1. e4 c6 2. d4 d5 3. e5 Bf5 4. Nf3 e6 5. Be2 Ne7 6. O-O c5 7. Be3 Nec6 8. c3
Nd7 9. Ne1 Qb6 10. b3 Be7 11. g4 Bg6 12. f4 Bxb1 13. Rxb1 cxd4 14. cxd4 O-O-O
15. Nf3 f6 16. Bf2 Kb8 17. b4 Rc8 18. a3 Rhf8 19. Rb3 fxe5 20. dxe5 Qd8 21. Be3
Nb6 22. Nd4 Nxd4 23. Qxd4 Qd7 24. Bd1 Rc4 25. Qd3 g6 26. Bd4 Rfc8 27. Be2 Qa4
28. Bd1 Qc6 29. Rf3 a5 30. bxa5 Rxd4 31. Rxb6 Rxd3 32. Rxc6 Rxd1+ 0-1

[Event "OLOB 1920 SV Empor Erfurt - SV Grieshei"]
[Site "?"]
[Date "2019.11.17"]
[Round "3.1"]
[White "Nothnagel, Marian Can"]
[Black "Teske, Henrik"]
[Result "1/2-1/2"]
[WhiteElo "2364"]
[BlackElo "2480"]
[PlyCount "20"]
[EventDate "2019.??.??"]

1. e4 e5 2. Nf3 Nf6 3. d3 Nc6 4. Be2 g6 5. O-O Bg7 6. c3 O-O 7. b4 d5 8. Nbd2
b6 9. Re1 Bb7 10. Bb2 dxe4 1/2-1/2